| 000 | 00628nam a22001937a 4500 | ||
|---|---|---|---|
| 003 | AM-YeHGA | ||
| 005 | 20250617154018.0 | ||
| 008 | 180411s xxu||||| |||| 00| 0 rus d | ||
| 040 | _aAM-YeHGA | ||
| 041 | 1 |
_arus _huzb |
|
| 100 | 1 | _aАлимджан, Хамид | |
| 245 | 1 | 0 |
_aСемург / _cХамид Алимджан ; Пер. с узб. Светланы Сомовой. |
| 260 |
_a[Ташкент] : _bГосиздат УзССР, _c1947. |
||
| 300 | _a56 с. | ||
| 650 | 1 | 4 | _aУзбекская литература |
| 700 | 1 |
_aСомова, Светлана _eпер. _4trl |
|
| 942 |
_2udc _cBK |
||
| 090 | _c405025 | ||
| 999 |
_c402809 _d402809 |
||